[Event "POL-chT DMP Ekstraliga 2019"]
[Site "Katowice"]
[Date "2019.08.31"]
[Round "4.21"]
[White "Markowski, Tomasz"]
[Black "Druska, Juraj"]
[Result "1/2-1/2"]
[WhiteElo "2537"]
[BlackElo "2460"]
[Annotator "ChessBase"]
[PlyCount "126"]
[EventDate "2019.08.28"]
[EventType "team-tourn"]
[EventCountry "POL"]
[SourceTitle "playchess.com"]
[Source "ChessBase"]
[SourceQuality "1"]
[TimeControl "40/5400+30:1800+30"]

1. c4 {[%emt 0:00:00]} e6 {[%emt 0:00:00]} 2. g3 {[%emt 0:00:00]} d5 {[%emt 0:00:00]} 3. Bg2 {[%emt 0:00:00]} c6 {[%emt 0:00:00]} 4. Nf3 {[%emt 0:00:00]} b5 {[%emt 0:00:00]} 5. b3 {[%emt 0:03:02]} bxc4 {[%emt 0:00:03]} 6. bxc4 {[%emt 0:00:05]} Ba6 {[%emt 0:00:03]} 7. cxd5 {[%emt 0:00:47]} cxd5 {[%emt 0:00:04]} 8. O-O {[%emt 0:00:30]} Nf6 {[%emt 0:00:05]} 9. d3 {[%emt 0:00:34]} Bd6 {[%emt 0:00:26]} 10. Nc3 {[%emt 0:02:47]} O-O {[%emt 0:00:07]} 11. Rb1 {[%emt 0:05:42]} Qd7 {[%emt 0:00:05]} 12. a4 {[%emt 0:00:57]} Nc6 {[%emt 0:14:22]} 13. Nb5 {[%emt 0:00:32]} Rab8 {[%emt 0:07:10]} 14. Bd2 {[%emt 0:03:01]} e5 {[%emt 0:06:50]} 15. Nxd6 {[%emt 0:02:43]} Qxd6 {[%emt 0:06:59]} 16. Rxb8 {[%emt 0:00:14]} Rxb8 {[%emt 0:00:26]} 17. Qa1 {[%emt 0:00:08]} h6 {[%emt 0:38:26]} 18. Rc1 {[%emt 0:00:27]} Qe6 {[%emt 0:00:47]} 19. h3 {[%emt 0:07:21]} Rc8 {[%emt 0:04:53]} 20. a5 {[%emt 0:07:35]} Kh7 {[%emt 0:04:23]} 21. Kh2 {[%emt 0:01:15]} Nd7 {[%emt 0:09:20]} 22. Qa4 {[%emt 0:01:34]} f5 {[%emt 0:00:14]} 23. e4 {[%emt 0:18:16]} fxe4 {[%emt 0:01:27]} 24. dxe4 {[%emt 0:00:02]} d4 {[%emt 0:00:11]} 25. Nh4 {[%emt 0:00:12]} Ne7 {[%emt 0:01:31]} 26. Rxc8 {[%emt 0:00:06]} Bxc8 {[%emt 0:00:18]} 27. f4 {[%emt 0:00:09]} exf4 {[%emt 0:00:28]} 28. gxf4 {[%emt 0:00:10]} Nc5 {[%emt 0:02:10]} 29. Qxd4 Nb3 30. Qc3 {[%emt 0:02:58]} Nxd2 {[%emt 0:00:08]} 31. Qxd2 {[%emt 0:00:03]} Qf6 {[%emt 0:03:44]} 32. Nf3 {[%emt 0:01:10]} Ng6 {[%emt 0:00:01]} 33. Kg3 {[%emt 0:09:00]} h5 {[%emt 0:00:00]} 34. h4 {[%emt 0:01:36]} Bg4 {[%emt 0:00:20]} 35. Ng5+ {[%emt 0:03:34]} Kh6 {[%emt 0:00:07]} 36. e5 {[%emt 0:01:28]} Qf8 {[%emt 0:02:10]} 37. Be4 {[%emt 0:03:36]} Bf5 {[%emt 0:00:20]} 38. Qd6 {[%emt 0:05:21]} Qc8 {[%emt 0:00:01]} 39. Nf7+ Kh7 40. Qc6 {[%emt 0:00:00]} Qxc6 {[%emt 0:00:00]} 41. Bxc6 {[%emt 0:02:19]} Ne7 {[%emt 0:02:24]} 42. Bb5 {[%emt 0:03:11]} Kg8 {[%emt 0:09:13]} 43. Nd6 {[%emt 0:01:05]} Kf8 {[%emt 0:00:06]} 44. Be2 {[%emt 0:01:32]} g6 {[%emt 0:00:40]} 45. Bf3 {[%emt 0:00:39]} Be6 {[%emt 0:00:30]} 46. Be4 {[%emt 0:01:02]} Bd5 {[%emt 0:00:41]} 47. Kf3 {[%emt 0:02:33]} Bxe4+ {[%emt 0:02:39]} 48. Kxe4 {[%emt 0:00:36]} Nc6 {[%emt 0:00:05]} 49. Nc4 {[%emt 0:01:29]} Ke7 {[%emt 0:00:41]} 50. f5 {[%emt 0:02:59]} gxf5+ {[%emt 0:00:06]} 51. Kxf5 {[%emt 0:00:02]} a6 {[%emt 0:14:22]} 52. Ne3 {[%emt 0:04:47]} Nxa5 {[%emt 0:01:41]} 53. Nd5+ {[%emt 0:01:08]} Kf7 {[%emt 0:04:15]} 54. e6+ {[%emt 0:04:08]} Kg7 {[%emt 0:00:11]} 55. Nf4 {[%emt 0:04:15]} Nc6 {[%emt 0:00:22]} 56. Nxh5+ {[%emt 0:00:15]} Kh6 {[%emt 0:00:09]} 57. Nf4 {[%emt 0:06:38]} a5 {[%emt 0:00:07]} 58. Ke4 {[%emt 0:06:02]} a4 {[%emt 0:00:04]} 59. Kd3 {[%emt 0:00:23]} Kg7 {[%emt 0:01:27]} 60. Kc3 {[%emt 0:01:20]} Kf6 {[%emt 0:01:17]} 61. h5 {[%emt 0:00:54]} Nd8 {[%emt 0:00:18]} 62. h6 {[%emt 0:00:40]} Nxe6 {[%emt 0:00:06]} 63. Nxe6 {[%emt 0:00:15]} Kg6 {[%emt 0:00:04]} 1/2-1/2

[Event "POL-chT DMP Ekstraliga 2019"]
[Site "Katowice"]
[Date "2019.08.31"]
[Round "4.22"]
[White "Kaczmarek, Aleksander"]
[Black "Nasuta, Grzegorz"]
[Result "1/2-1/2"]
[WhiteElo "2389"]
[BlackElo "2533"]
[Annotator "ChessBase"]
[PlyCount "169"]
[EventDate "2019.08.28"]
[EventType "team-tourn"]
[EventCountry "POL"]
[SourceTitle "playchess.com"]
[Source "ChessBase"]
[SourceQuality "1"]
[TimeControl "40/5400+30:1800+30"]

1. e4 {[%emt 0:00:00]} e6 {[%emt 0:00:00]} 2. Nf3 {[%emt 0:00:00]} d5 {[%emt 0:00:00]} 3. Nc3 {[%emt 0:00:04]} Nf6 {[%emt 0:00:06]} 4. e5 {[%emt 0:00:04]} Nfd7 {[%emt 0:00:07]} 5. d4 {[%emt 0:00:06]} c5 {[%emt 0:00:05]} 6. dxc5 {[%emt 0:00:18]} Nc6 {[%emt 0:00:35]} 7. Bf4 {[%emt 0:00:11]} h6 {[%emt 0:07:52]} 8. Bg3 {[%emt 0:02:37]} Nxc5 {[%emt 0:02:54]} 9. Bd3 {[%emt 0:04:14]} Be7 {[%emt 0:09:44]} 10. O-O {[%emt 0:00:18]} a6 {[%emt 0:01:52]} 11. a3 {[%emt 0:07:02]} Bd7 {[%emt 0:02:52]} 12. Re1 {[%emt 0:04:40]} Nxd3 {[%emt 0:12:41]} 13. cxd3 {[%emt 0:01:26]} O-O {[%emt 0:02:37]} 14. Qd2 {[%emt 0:07:26]} b5 {[%emt 0:15:24]} 15. Qf4 {[%emt 0:02:37]} b4 {[%emt 0:04:01]} 16. axb4 {[%emt 0:01:55]} Nxb4 {[%emt 0:00:51]} 17. Rad1 {[%emt 0:00:07]} Bb5 {[%emt 0:03:08]} 18. Re3 {[%emt 0:07:50]} d4 {[%emt 0:26:05]} 19. Nxd4 {[%emt 0:10:30]} Bg5 {[%emt 0:01:41]} 20. Qe4 {[%emt 0:04:49]} Bxe3 {[%emt 0:00:14]} 21. fxe3 {[%emt 0:04:02]} Nd5 {[%emt 0:01:09]} 22. Bh4 {[%emt 0:02:48]} Qd7 {[%emt 0:02:15]} 23. Qf3 {[%emt 0:03:28]} Ne7 {[%emt 0:03:15]} 24. Ne4 {[%emt 0:06:52]} Ng6 {[%emt 0:00:06]} 25. Bf6 {[%emt 0:03:18]} Qd5 {[%emt 0:01:33]} 26. Qg4 {[%emt 0:04:27]} Rfc8 {[%emt 0:01:12]} 27. h4 {[%emt 0:01:16]} h5 {[%emt 0:00:35]} 28. Qxh5 {[%emt 0:00:53]} Bxd3 {[%emt 0:00:08]} 29. Ng5 {[%emt 0:05:01]} Nxe5 {[%emt 0:00:41]} 30. Nf5 {[%emt 0:03:22]} Bxf5 {[%emt 0:00:36]} 31. Rxd5 {[%emt 0:00:10]} Rc1+ {[%emt 0:00:37]} 32. Kh2 {[%emt 0:03:37]} Bg6 {[%emt 0:00:21]} 33. Qe2 {[%emt 0:00:12]} gxf6 {[%emt 0:00:14]} 34. Rxe5 {[%emt 0:00:18]} fxe5 {[%emt 0:00:13]} 35. h5 {[%emt 0:00:09]} f6 {[%emt 0:00:55]} 36. Qf3 {[%emt 0:02:27]} Ra7 {[%emt 0:00:01]} 37. Qxf6 {[%emt 0:00:57]} Bxh5 {[%emt 0:00:22]} 38. Qxe6+ {[%emt 0:00:19]} Bf7 {[%emt 0:00:33]} 39. Qxe5 {[%emt 0:00:15]} Rac7 {[%emt 0:01:15]} 40. e4 {[%emt 0:00:00]} R1c6 {[%emt 0:00:00]} 41. Qf4 {[%emt 0:05:46]} Re7 {[%emt 0:02:23]} 42. e5 {[%emt 0:01:56]} Rg6 {[%emt 0:06:32]} 43. Ne4 {[%emt 0:02:09]} Kg7 {[%emt 0:07:02]} 44. Nf6 {[%emt 0:04:48]} Rxe5 {[%emt 0:01:29]} 45. Qxe5 {[%emt 0:00:16]} Rxf6 {[%emt 0:00:04]} 46. g4 {[%emt 0:01:42]} Kg6 {[%emt 0:00:11]} 47. Kg3 {[%emt 0:00:12]} Re6 {[%emt 0:00:30]} 48. Qf5+ {[%emt 0:00:11]} Kg7 {[%emt 0:00:08]} 49. Qg5+ {[%emt 0:00:30]} Rg6 {[%emt 0:04:27]} 50. Qe5+ {[%emt 0:00:11]} Kh7 {[%emt 0:01:19]} 51. Kf4 {[%emt 0:03:28]} Kg8 {[%emt 0:05:51]} 52. Kf5 {[%emt 0:00:44]} Kh7 {[%emt 0:00:10]} 53. Qc7 {[%emt 0:02:02]} Kg7 {[%emt 0:00:14]} 54. Qc8 {[%emt 0:01:40]} Rf6+ {[%emt 0:01:55]} 55. Ke5 {[%emt 0:00:09]} Rg6 {[%emt 0:00:05]} 56. Qd7 {[%emt 0:01:36]} Kg8 {[%emt 0:00:23]} 57. Qd8+ {[%emt 0:00:17]} Kg7 {[%emt 0:00:03]} 58. Qc8 {[%emt 0:00:13]} Bg8 {[%emt 0:00:16]} 59. Qd8 {[%emt 0:02:33]} Bf7 {[%emt 0:00:21]} 60. g5 {[%emt 0:00:06]} Re6+ {[%emt 0:03:15]} 61. Kf5 {[%emt 0:00:17]} Rg6 {[%emt 0:00:04]} 62. Qc8 {[%emt 0:00:11]} Rd6 {[%emt 0:00:33]} 63. Qc3+ {[%emt 0:00:10]} Kg8 {[%emt 0:00:03]} 64. Qb4 {[%emt 0:03:41]} Rg6 {[%emt 0:00:24]} 65. Qc5 {[%emt 0:02:42]} Kg7 {[%emt 0:00:50]} 66. Ke4 {[%emt 0:00:13]} Kg8 {[%emt 0:01:03]} 67. Kd4 {[%emt 0:00:18]} Kg7 {[%emt 0:00:05]} 68. Qe7 {[%emt 0:00:06]} Re6 {[%emt 0:00:29]} 69. Qd8 {[%emt 0:00:09]} Rg6 {[%emt 0:00:30]} 70. b4 {[%emt 0:00:56]} Re6 {[%emt 0:00:14]} 71. Qc8 {[%emt 0:02:50]} Rg6 {[%emt 0:00:43]} 72. Ke3 {[%emt 0:00:08]} Re6+ {[%emt 0:00:21]} 73. Kf4 {[%emt 0:00:05]} Rg6 {[%emt 0:00:13]} 74. Kf5 {[%emt 0:00:03]} Rd6 {[%emt 0:00:19]} 75. Qc3+ {[%emt 0:00:41]} Kg8 {[%emt 0:00:05]} 76. Qg3 {[%emt 0:00:12]} Rg6 {[%emt 0:01:25]} 77. Qe5 {[%emt 0:00:19]} Rb6 {[%emt 0:00:28]} 78. Qd4 {[%emt 0:01:18]} Rg6 {[%emt 0:00:27]} 79. Qd8+ {[%emt 0:04:23]} Kg7 {[%emt 0:00:05]} 80. Qb8 {[%emt 0:00:17]} Be6+ {[%emt 0:00:15]} 81. Ke5 {[%emt 0:00:21]} Bf7 {[%emt 0:00:03]} 82. Qc8 {[%emt 0:00:55]} Bg8 {[%emt 0:00:56]} 83. Kf5 {[%emt 0:01:48]} Bf7 {[%emt 0:00:04]} 84. Qd7 {[%emt 0:00:05]} Kg8 {[%emt 0:00:18]} 85. Qd8+ {[%emt 0:01:25]} 1/2-1/2

[Event "POL-chT DMP Ekstraliga 2019"]
[Site "Katowice"]
[Date "2019.08.31"]
[Round "4.23"]
[White "Jakubowski, Krzysztof"]
[Black "Mikrut, Dariusz"]
[Result "1/2-1/2"]
[WhiteElo "2518"]
[BlackElo "2375"]
[Annotator "ChessBase"]
[PlyCount "134"]
[EventDate "2019.08.28"]
[EventType "team-tourn"]
[EventCountry "POL"]
[SourceTitle "playchess.com"]
[Source "ChessBase"]
[SourceQuality "1"]
[TimeControl "40/5400+30:1800+30"]

1. e4 {[%emt 0:00:00]} c5 {[%emt 0:00:25]} 2. Nc3 {[%emt 0:00:00]} Nc6 {[%emt 0:00:23]} 3. g3 {[%emt 0:00:03]} g6 {[%emt 0:00:03]} 4. Bg2 {[%emt 0:00:06]} Bg7 {[%emt 0:00:05]} 5. d3 {[%emt 0:00:06]} d6 {[%emt 0:00:03]} 6. Be3 {[%emt 0:00:06]} e5 {[%emt 0:00:04]} 7. Qd2 {[%emt 0:00:07]} Nge7 {[%emt 0:00:05]} 8. Bh6 {[%emt 0:01:08]} Bxh6 {[%emt 0:03:52]} 9. Qxh6 {[%emt 0:01:00]} Nd4 {[%emt 0:00:07]} 10. O-O-O {[%emt 0:00:39]} Be6 {[%emt 0:00:06]} 11. Kb1 {[%emt 0:00:21]} b5 {[%emt 0:04:10]} 12. Nd5 {[%emt 0:13:54]} Bxd5 {[%emt 0:07:51]} 13. exd5 {[%emt 0:01:06]} Nef5 {[%emt 0:11:46]} 14. Qd2 {[%emt 0:00:48]} b4 {[%emt 0:00:23]} 15. h4 {[%emt 0:07:54]} Rb8 {[%emt 0:06:53]} 16. h5 {[%emt 0:03:53]} Qa5 {[%emt 0:07:46]} 17. hxg6 {[%emt 0:02:44]} fxg6 {[%emt 0:00:09]} 18. Ne2 {[%emt 0:04:21]} Nxe2 {[%emt 0:12:38]} 19. Qxe2 {[%emt 0:00:10]} Rb6 {[%emt 0:07:21]} 20. Be4 {[%emt 0:13:02]} O-O {[%emt 0:12:34]} 21. Bxf5 {[%emt 0:01:27]} Rxf5 {[%emt 0:00:05]} 22. Qg4 {[%emt 0:03:16]} Ra6 {[%emt 0:05:11]} 23. Qc4 {[%emt 0:00:28]} b3 {[%emt 0:03:49]} 24. Qxb3 {[%emt 0:08:22]} Rb6 {[%emt 0:00:05]} 25. Qc4 {[%emt 0:00:04]} Qa3 {[%emt 0:01:20]} 26. b3 {[%emt 0:00:15]} Ra6 {[%emt 0:09:04]} 27. Rdf1 {[%emt 0:06:32]} Qxa2+ {[%emt 0:00:40]} 28. Kc1 {[%emt 0:00:20]} Rb6 {[%emt 0:01:12]} 29. Qh4 {[%emt 0:06:23]} Qa1+ {[%emt 0:00:46]} 30. Kd2 {[%emt 0:00:05]} Qa5+ {[%emt 0:00:08]} 31. Ke2 {[%emt 0:01:06]} Rb7 {[%emt 0:00:08]} 32. Ra1 {[%emt 0:00:26]} Qb6 {[%emt 0:02:16]} 33. Qc4 {[%emt 0:02:49]} Qc7 {[%emt 0:00:45]} 34. Qa6 {[%emt 0:01:36]} Qf7 {[%emt 0:01:06]} 35. Rh2 {[%emt 0:01:14]} Qxd5 {[%emt 0:00:12]} 36. Qc4 {[%emt 0:01:20]} Qf7 {[%emt 0:00:23]} 37. Ra6 {[%emt 0:00:36]} Rf6 {[%emt 0:02:45]} 38. Rc6 {[%emt 0:01:35]} h5 {[%emt 0:00:49]} 39. Rc8+ {[%emt 0:04:15]} Kg7 {[%emt 0:00:07]} 40. g4 {[%emt 0:00:00]} Qxc4 {[%emt 0:00:00]} 41. dxc4 {[%emt 0:01:23]} hxg4 {[%emt 0:01:41]} 42. Rch8 {[%emt 0:00:39]} Rff7 {[%emt 0:00:19]} 43. R8h4 {[%emt 0:00:12]} g3 {[%emt 0:00:26]} 44. fxg3 {[%emt 0:00:06]} Kf6 {[%emt 0:00:11]} 45. Ke3 {[%emt 0:02:02]} Ke6 {[%emt 0:00:35]} 46. Rh8 {[%emt 0:00:27]} a5 {[%emt 0:05:54]} 47. Rg8 {[%emt 0:05:25]} Kf5 {[%emt 0:03:23]} 48. Rd2 {[%emt 0:02:27]} Rbd7 {[%emt 0:00:25]} 49. Ra8 {[%emt 0:00:57]} Kg4 {[%emt 0:04:25]} 50. Rxa5 {[%emt 0:00:13]} g5 {[%emt 0:05:18]} 51. Ra1 {[%emt 0:01:02]} Rf3+ {[%emt 0:01:51]} 52. Ke4 {[%emt 0:02:19]} Rxg3 {[%emt 0:00:11]} 53. Kd5 {[%emt 0:00:04]} Rf3 {[%emt 0:00:35]} 54. Kc6 {[%emt 0:00:37]} Rd8 {[%emt 0:01:19]} 55. Rg1+ {[%emt 0:00:58]} Kf4 {[%emt 0:00:31]} 56. Rdg2 {[%emt 0:00:10]} Rg8 {[%emt 0:00:07]} 57. Rg4+ {[%emt 0:00:14]} Kf5 {[%emt 0:00:10]} 58. Kxd6 {[%emt 0:00:24]} Rf4 {[%emt 0:00:46]} 59. R4g2 {[%emt 0:00:35]} e4 {[%emt 0:00:11]} 60. Kxc5 {[%emt 0:00:38]} e3 {[%emt 0:00:51]} 61. Kb6 {[%emt 0:02:30]} g4 {[%emt 0:00:38]} 62. c5 {[%emt 0:00:28]} Rf2 {[%emt 0:00:51]} 63. Rg3 {[%emt 0:00:50]} Kf4 {[%emt 0:02:05]} 64. c6 {[%emt 0:00:51]} Rxc2 {[%emt 0:01:12]} 65. b4 {[%emt 0:00:04]} e2 {[%emt 0:03:30]} 66. Rb3 {[%emt 0:00:55]} Rd2 {[%emt 0:00:14]} 67. Rbb1 {[%emt 0:02:07]} Rb8+ {[%emt 0:03:01]} 1/2-1/2

[Event "POL-chT DMP Ekstraliga 2019"]
[Site "Katowice"]
[Date "2019.08.31"]
[Round "4.25"]
[White "Kempinski, Robert"]
[Black "Tomczak, Jacek"]
[Result "0-1"]
[WhiteElo "2579"]
[BlackElo "2628"]
[Annotator "TA"]
[PlyCount "70"]
[EventDate "2019.08.28"]
[EventType "team-tourn"]
[EventCountry "POL"]
[SourceTitle "playchess.com"]
[Source "ChessBase"]
[SourceQuality "1"]

{[%evp 16,70,33,48,46,50,55,29,62,25,54,9,19,0,28,31,39,57,35,0,0,-71,-95,-64,-67,-104,-84,-87,-89,-93,-113,-114,-41,-95,-69,-72,-37,-22,-29,-57,-30,-17,-18,-27,-8,-79,-85,-72,0,0,0,-66,-80,-511,-495,-1513,-1434]} 1. d4 Nf6 2. c4 c5 3. d5 b5 4. cxb5 a6 5. bxa6 g6 6. Nc3 Bg7 7. Nf3 O-O 8. g3 d6 9. Bg2 Nbd7 {A58: Benko/Volga Gambit: Lines with 5 bxa6} 10. O-O Nb6 11. Ne1 Rxa6 {White has an edge.} 12. Nc2 Bb7 13. Ne3 $146 ({Predecessor:} 13. Rb1 Qa8 14. Ne3 Na4 15. Nb5 Rb6 16. Na3 Nd7 17. Qc2 {1-0 (61) Jumabayev,R (2606)-Carow,J (2431) Berlin 2015}) 13... Qa8 14. Qd2 Rc8 15. b3 e6 $1 {[%cal Re6d5]} 16. dxe6 fxe6 17. Bxb7 ({Don't blunder} 17. Qxd6 $2 Nbd5 $19) 17... Qxb7 18. Nc4 ({Don't go for} 18. Qxd6 $2 Nbd5 $19) (18. Qc2 $11 {keeps the balance.}) 18... Nxc4 $17 19. bxc4 Qb4 $1 $36 {[%mdl 2048] Black is pushing.} 20. Qd3 Nd7 21. Bd2 {aiming for Nd5.} Ne5 $1 {[%csl LRc4,LRd3][%mdl 64] Double Attack} 22. Qe4 Qxc4 23. Qb7 Rf8 ({Black should play} 23... Raa8 $17 24. Rab1 Rf8) 24. Rac1 ({White should try} 24. a4 $15) 24... Raa8 25. Bf4 Qa6 (25... Qb4 {is more complex.} 26. Qe7 Nf7 27. a3 Qc4 28. Nb1 Qd5) 26. Qxa6 $1 Rxa6 27. Nb5 Rxa2 28. Nxd6 Rxe2 {...Nd3 is the strong threat.} 29. Rxc5 Nf3+ 30. Kg2 (30. Kh1 $1 $11) 30... Ne1+ 31. Kg1 {[#]} Nf3+ (31... Bd4 $1 $17 {[%cal Rd4c5]} 32. Rc8 Rxc8 33. Nxc8 e5) 32. Kg2 $11 Ne1+ (32... Nh4+ $11 33. Kh3 Nf3) 33. Kg1 $15 Bd4 $1 {[%cal Rd4c5]} 34. Rb5 $2 {[%mdl 8192] [#]} (34. Rc6 $17 {is a better chance.}) 34... e5 $1 $19 35. Bh6 (35. Rb1 $142 exf4 36. Rbxe1 Bxf2+ {[%mdl 64] Deflection} 37. Rxf2 Rxe1+ 38. Kg2) 35... Rfxf2 {Accuracy: White = 25%, Black = 45%.} 0-1

[Event "POL-chT DMP Ekstraliga 2019"]
[Site "Katowice"]
[Date "2019.08.31"]
[Round "4.26"]
[White "Czarnota, Pawel"]
[Black "Shevchenko, Kirill"]
[Result "1/2-1/2"]
[WhiteElo "2532"]
[BlackElo "2556"]
[Annotator "ChessBase"]
[PlyCount "70"]
[EventDate "2019.08.28"]
[EventType "team-tourn"]
[EventCountry "POL"]
[SourceTitle "playchess.com"]
[Source "ChessBase"]
[SourceQuality "1"]
[TimeControl "40/5400+30:1800+30"]

1. e4 {[%emt 0:00:00]} c5 {[%emt 0:00:00]} 2. Nf3 {[%emt 0:00:00]} d6 {[%emt 0:00:00]} 3. d4 {[%emt 0:00:03]} cxd4 {[%emt 0:00:00]} 4. Nxd4 {[%emt 0:00:05]} Nf6 {[%emt 0:00:00]} 5. Nc3 {[%emt 0:00:05]} a6 {[%emt 0:00:00]} 6. Be3 {[%emt 0:00:55]} e5 {[%emt 0:00:05]} 7. Nf3 {[%emt 0:00:38]} Be7 {[%emt 0:00:10]} 8. Bc4 {[%emt 0:00:34]} O-O {[%emt 0:00:14]} 9. O-O {[%emt 0:00:51]} Be6 {[%emt 0:00:12]} 10. Bb3 {[%emt 0:01:03]} b5 {[%emt 0:00:26]} 11. Bg5 {[%emt 0:11:14]} Nbd7 {[%emt 0:02:13]} 12. Bxf6 {[%emt 0:01:42]} Nxf6 {[%emt 0:02:04]} 13. Qd3 {[%emt 0:01:54]} Rc8 {[%emt 0:21:15]} 14. a3 Bc4 {[%emt 0:17:23]} 15. Bxc4 {[%emt 0:27:16]} bxc4 {[%emt 0:10:22]} 16. Qe2 {[%emt 0:02:18]} Qc7 {[%emt 0:01:02]} 17. Rfd1 {[%emt 0:04:44]} Rfd8 {[%emt 0:05:49]} 18. Rab1 {[%emt 0:04:35]} Qc6 {[%emt 0:05:45]} 19. Nd5 {[%emt 0:09:29]} Rd7 {[%emt 0:04:37]} 20. g3 Rb7 21. b4 {[%emt 0:04:10]} cxb3 {[%emt 0:03:02]} 22. cxb3 {[%emt 0:04:23]} Nxd5 {[%emt 0:02:19]} 23. Rxd5 {[%emt 0:00:07]} Qc2 {[%emt 0:06:53]} 24. Qxc2 {[%emt 0:05:30]} Rxc2 {[%emt 0:00:04]} 25. h4 {[%emt 0:00:07]} g6 {[%emt 0:01:39]} 26. Nd2 {[%emt 0:09:39]} Rb5 {[%emt 0:09:38]} 27. Rd3 {[%emt 0:05:59]} f5 {[%emt 0:01:34]} 28. Rd1 {[%emt 0:00:04]} d5 {[%emt 0:03:38]} 29. Rxd5 {[%emt 0:01:17]} Bxa3 {[%emt 0:00:35]} 30. Nc4 {[%emt 0:01:56]} Bc5 {[%emt 0:00:33]} 31. R1d2 {[%emt 0:00:22]} Rxd2 {[%emt 0:01:55]} 32. Nxd2 {[%emt 0:00:02]} Bb4 {[%emt 0:01:35]} 33. Nc4 {[%emt 0:01:41]} fxe4 {[%emt 0:00:33]} 34. Rxe5 {[%emt 0:00:55]} Rxe5 {[%emt 0:00:18]} 35. Nxe5 {[%emt 0:00:05]} Bc3 {[%emt 0:00:38]} 1/2-1/2

[Event "POL-chT DMP Ekstraliga 2019"]
[Site "Katowice"]
[Date "2019.08.31"]
[Round "4.27"]
[White "Kriebel, Tadeas"]
[Black "Olszewski, Michal"]
[Result "1/2-1/2"]
[WhiteElo "2531"]
[BlackElo "2522"]
[Annotator "ChessBase"]
[PlyCount "97"]
[EventDate "2019.08.28"]
[EventType "team-tourn"]
[EventCountry "POL"]
[SourceTitle "playchess.com"]
[Source "ChessBase"]
[SourceQuality "1"]
[TimeControl "40/5400+30:1800+30"]

1. e4 {[%emt 0:00:00]} e5 {[%emt 0:00:00]} 2. Nf3 {[%emt 0:00:00]} Nc6 {[%emt 0:00:00]} 3. Bb5 {[%emt 0:00:00]} a6 {[%emt 0:00:00]} 4. Ba4 {[%emt 0:00:00]} Nf6 {[%emt 0:00:00]} 5. O-O {[%emt 0:00:00]} Be7 {[%emt 0:00:00]} 6. d3 {[%emt 0:00:56]} b5 {[%emt 0:02:00]} 7. Bb3 {[%emt 0:00:04]} d6 {[%emt 0:00:41]} 8. a3 {[%emt 0:00:06]} O-O {[%emt 0:02:11]} 9. Nc3 {[%emt 0:00:38]} Na5 {[%emt 0:05:52]} 10. Ba2 {[%emt 0:00:30]} c5 {[%emt 0:00:04]} 11. Nd5 {[%emt 0:01:34]} Nxd5 {[%emt 0:05:18]} 12. Bxd5 {[%emt 0:01:16]} Bb7 {[%emt 0:02:52]} 13. Bxb7 {[%emt 0:00:12]} Nxb7 {[%emt 0:00:06]} 14. c3 {[%emt 0:00:16]} Bf6 {[%emt 0:04:34]} 15. Qb3 {[%emt 0:14:42]} Qd7 {[%emt 0:31:16]} 16. Qd5 {[%emt 0:01:07]} Rfc8 {[%emt 0:03:32]} 17. Be3 {[%emt 0:07:16]} Qc6 {[%emt 0:07:43]} 18. Qxc6 {[%emt 0:08:57]} Rxc6 {[%emt 0:00:44]} 19. Nd2 {[%emt 0:00:05]} Bd8 {[%emt 0:12:43]} 20. a4 {[%emt 0:08:25]} b4 {[%emt 0:01:26]} 21. cxb4 {[%emt 0:00:03]} cxb4 {[%emt 0:00:03]} 22. Rfc1 {[%emt 0:00:07]} Rac8 {[%emt 0:03:36]} 23. Rc4 {[%emt 0:01:00]} Na5 {[%emt 0:08:32]} 24. Rxb4 {[%emt 0:01:29]} Rc2 {[%emt 0:00:15]} 25. Kf1 {[%emt 0:05:30]} f5 {[%emt 0:05:39]} 26. exf5 {[%emt 0:06:48]} d5 {[%emt 0:00:03]} 27. Nf3 {[%emt 0:00:45]} Bf6 {[%emt 0:01:38]} 28. Rb6 {[%emt 0:10:02]} e4 {[%emt 0:00:31]} 29. dxe4 {[%emt 0:00:05]} Nc4 {[%emt 0:01:50]} 30. Re6 {[%emt 0:00:23]} Nxe3+ {[%emt 0:00:40]} 31. fxe3 {[%emt 0:00:06]} dxe4 {[%emt 0:00:05]} 32. Rxe4 {[%emt 0:01:20]} Rxb2 {[%emt 0:00:04]} 33. Rd1 {[%emt 0:00:42]} Rcc2 {[%emt 0:00:34]} 34. Rg4 {[%emt 0:05:04]} h5 {[%emt 0:00:06]} 35. Rg6 {[%emt 0:00:36]} Rf2+ {[%emt 0:00:37]} 36. Kg1 {[%emt 0:00:06]} Rfe2 {[%emt 0:00:09]} 37. h4 {[%emt 0:13:20]} Rb6 {[%emt 0:01:04]} 38. Rd7 {[%emt 0:09:19]} Kf8 {[%emt 0:01:27]} 39. Rd3 {[%emt 0:02:50]} a5 {[%emt 0:00:52]} 40. Rd5 {[%emt 0:00:00]} Rb1+ {[%emt 0:00:00]} 41. Kh2 {[%emt 0:01:51]} Rxe3 {[%emt 0:03:29]} 42. Rxa5 {[%emt 0:01:19]} Rb4 {[%emt 0:04:52]} 43. Ra8+ {[%emt 0:02:30]} Re8 {[%emt 0:04:45]} 44. Ra7 {[%emt 0:08:09]} Rf4 {[%emt 0:01:39]} 45. a5 {[%emt 0:07:00]} Rxf5 {[%emt 0:00:49]} 46. a6 {[%emt 0:06:15]} Re7 {[%emt 0:04:55]} 47. Ra8+ {[%emt 0:01:02]} Re8 {[%emt 0:00:05]} 48. Ra7 {[%emt 0:00:47]} Re7 {[%emt 0:00:05]} 49. Ra8+ {[%emt 0:03:31]} 1/2-1/2

[Event "POL-chT DMP Ekstraliga 2019"]
[Site "Katowice"]
[Date "2019.08.31"]
[Round "4.28"]
[White "Warakomski, Tomasz"]
[Black "Simacek, Pavel"]
[Result "1-0"]
[WhiteElo "2497"]
[BlackElo "2479"]
[Annotator "ChessBase"]
[PlyCount "65"]
[EventDate "2019.08.28"]
[EventType "team-tourn"]
[EventCountry "POL"]
[SourceTitle "playchess.com"]
[Source "ChessBase"]
[SourceQuality "1"]
[TimeControl "40/5400+30:1800+30"]

1. e4 {[%emt 0:00:00]} e5 {[%emt 0:00:00]} 2. Nf3 {[%emt 0:00:00]} Nc6 {[%emt 0:00:00]} 3. Bc4 {[%emt 0:00:00]} Nf6 {[%emt 0:00:00]} 4. d3 {[%emt 0:00:00]} Bc5 {[%emt 0:00:08]} 5. c3 {[%emt 0:00:49]} d6 {[%emt 0:00:39]} 6. O-O {[%emt 0:00:31]} a6 {[%emt 0:00:21]} 7. h3 {[%emt 0:04:08]} Ba7 {[%emt 0:01:21]} 8. a4 {[%emt 0:00:27]} h6 {[%emt 0:01:11]} 9. b4 {[%emt 0:03:44]} g5 {[%emt 0:03:28]} 10. Be3 {[%emt 0:18:39]} g4 {[%emt 0:01:09]} 11. hxg4 {[%emt 0:03:29]} Nxg4 {[%emt 0:00:15]} 12. Bxa7 {[%emt 0:00:41]} Rxa7 {[%emt 0:00:26]} 13. d4 {[%emt 0:13:08]} Qf6 {[%emt 0:02:32]} 14. b5 {[%emt 0:10:37]} Ne7 {[%emt 0:16:17]} 15. b6 {[%emt 0:02:34]} cxb6 {[%emt 0:00:07]} 16. Qb3 {[%emt 0:00:02]} Ng6 {[%emt 0:00:17]} 17. Qxb6 {[%emt 0:04:55]} Nh4 {[%emt 0:02:27]} 18. Nbd2 {[%emt 0:00:16]} Nxg2 {[%emt 0:01:11]} 19. Kxg2 {[%emt 0:05:21]} Ra8 {[%emt 0:51:17]} 20. Rg1 {[%emt 0:03:08]} h5 {[%emt 0:02:39]} 21. Kf1 {[%emt 0:02:02]} Qf4 {[%emt 0:04:36]} 22. Qxd6 {[%emt 0:07:00]} Rh6 {[%emt 0:00:14]} 23. Qd5 {[%emt 0:01:36]} Be6 {[%emt 0:08:11]} 24. Qxb7 {[%emt 0:00:43]} Bxc4+ {[%emt 0:01:30]} 25. Nxc4 {[%emt 0:00:04]} Qxf3 {[%emt 0:00:41]} 26. Qxa8+ {[%emt 0:00:06]} Ke7 {[%emt 0:00:03]} 27. Qb7+ {[%emt 0:05:15]} Kf8 {[%emt 0:00:05]} 28. Qb8+ {[%emt 0:00:35]} Ke7 {[%emt 0:00:57]} 29. Qc7+ {[%emt 0:02:42]} Kf8 {[%emt 0:00:30]} 30. Rg2 {[%emt 0:00:44]} Rf6 {[%emt 0:01:00]} 31. Kg1 {[%emt 0:00:56]} Qxc3 {[%emt 0:00:59]} 32. Rf1 {[%emt 0:03:46]} Kg7 {[%emt 0:00:47]} 33. Qxe5 {[%emt 0:02:20]} 1-0